Mode of production and social problems (Record no. 571919)

MARC details
000 -LEADER
fixed length control field 00785nam a2200265Ia 4500
003 - CONTROL NUMBER IDENTIFIER
control field OSt
005 - DATE AND TIME OF LATEST TRANSACTION
control field 20220925220624.0
008 - FIXED-LENGTH DATA ELEMENTS--GENERAL INFORMATION
fixed length control field 220923b |||||||| |||| 00| 0 eng d
020 ## - INTERNATIONAL STANDARD BOOK NUMBER
International Standard Book Number 0 333 22344 6
037 ## - SOURCE OF ACQUISITION
Terms of availability General Book
040 ## - CATALOGING SOURCE
Original cataloging agency RTL
Transcribing agency RTL
Language of cataloging eng
041 ## - LANGUAGE CODE
Source of code eng
Language code of text/sound track or separate title eng
100 ## - MAIN ENTRY--PERSONAL NAME
Personal name Hindess Barry
9 (RLIN) 92113
245 #0 - TITLE STATEMENT
Title Mode of production and social problems
Remainder of title An auto-c
260 ## - PUBLICATION, DISTRIBUTION, ETC.
Place of publication, distribution, etc. London
Name of publisher, distributor, etc. Macmillan
Date of publication, distribution, etc. 1977
300 ## - PHYSICAL DESCRIPTION
Extent vii,82p
Dimensions cm.
500 ## - GENERAL NOTE
General note Bibliography p78-79
650 ## - SUBJECT ADDED ENTRY--TOPICAL TERM
Topical term or geographic name entry element Economics Classics Karl Marx
700 ## - ADDED ENTRY--PERSONAL NAME
Personal name Hirst Paul
9 (RLIN) 20499
942 ## - ADDED ENTRY ELEMENTS (KOHA)
Classification part X:3M24xM18:g(X:2), L7
Koha item type General Books
Source of classification or shelving scheme Colon Classification (CC)
Holdings
Withdrawn status Lost status Damaged status Not for loan Home library Current library Date acquired Total Checkouts Full call number Barcode Date last seen Price effective from Koha item type
        Ratan Tata Library Ratan Tata Library 2022-09-25   X:3M24xM18:g(X:2) L7 RT0574587 2022-09-25 2022-09-25 General Books
Copyright @ Delhi University Library System